Szczegóły MARC21

Rola analogii w podejmowaniu decyzji w zarządzaniu strategicznym małymi i średnimi przedsiębiorstwami /

003 -Nazwa inst., której nr kontr. jest w polu 001 [,]
    • @
    • Nazwa instytucji, której n kontrolny jest w polu 001
    • NUKAT
005 -DATA I CZAS OSTATNIEJ MODYFIKACJI [,]
    • @
    • pole kontrolne
    • 20241231110636.0
020 -Międzynarod. znormalizowany nr książki - ISBN [ , ]
    • a
    • Numer ISBN
    • 9788373785601 Find
040 -Instytucja sporządzająca opis [ , ]
    • a
    • Instytucja, która sporządziła opis (NP)
    • Ł U/AC
    • c
    • Instytucja, która sporządziła rekord (NP)
    • Ł U/AC
    • d
    • Instytucja, która zmodyfikowała rekord (P)
    • Ł U/AC
    • d
    • Instytucja, która zmodyfikowała rekord (P)
    • GD U/AEKs
    • d
    • Instytucja, która zmodyfikowała rekord (P)
    • WA LAZ/JF
942 -Rodzaj dokumentu [ , ]
    • c
    • Rodzaj dokumentu
    • Książka
100 -Hasło główne - nazwa osobowa [1, ]
    • a
    • Nazwa osobowa (NP)
    • Surma, Jerzy.
    • 9
    • KHW
    • 9298
245 -Strefa tytułu i oznaczenia odpowiedzialności [1,0]
    • a
    • Tytuł
    • Rola analogii w podejmowaniu decyzji w zarządzaniu strategicznym małymi i średnimi przedsiębiorstwami / Find
    • c
    • Pozostałe elementy strefy tytułu i oznaczenia odpowiedzialności (NP)
    • Jerzy Surma.
260 -Strefa adresu wydawniczego [ , ]
    • a
    • Miejsce wydania (P)
    • Warszawa :
    • b
    • Nazwa wydawcy (P)
    • Szkoła Główna Handlowa - Oficyna Wydawnicza,
    • c
    • Data wydania (P)
    • 2010.
300 -Strefa opisu fizycznego [ , ]
    • a
    • Określenie formy książki i/lub objętość (NP)
    • 171 s. :
    • b
    • Oznaczenie ilustracji (NP)
    • il. ;
    • c
    • Format (NP)
    • 24 cm.
336 -Typ zawartości [ , ]
    • a
    • Termin opisujący typ zawartości
    • Tekst
    • b
    • Kod określający zawartość
    • txt
    • 2
    • Źródło (terminu i kodu)
    • rdacontent
337 -Typ mediów [ , ]
    • a
    • Tryb odtwarzania
    • Bez urządzenia pośredniczącego
    • b
    • Kod typu mediów
    • n
    • 2
    • Źródło (terminu i kodu)
    • rdamedia
338 -Typ/rodzaj nośnika [ , ]
    • a
    • Hasło opisujące typ nośnika
    • Wolumin
    • b
    • Kod typu nośnika
    • nc
    • 2
    • Źródło (terminu i kodu)
    • rdacarrier
504 -Uwaga dot. bibliogr. załącznikowej [ , ]
    • a
    • Uwaga dot. bibliografii załącznikowej
    • Bibliogr. s. 161-171.
080 -Uniwersalna Klasyfikacja Dziesiętna [ , ]
    • 2
    • Identyfikator wydania tablic
    • UDC-P058
    • 9
    • UKD
    • 5602
    • a
    • Symbol klasyfikacji
    • 658.1/.5:005.2
    • b
    • Dopowiedzenie
    • Zarządzanie strategiczne przedsiębiorstwa.
080 -Uniwersalna Klasyfikacja Dziesiętna [ , ]
    • 2
    • Identyfikator wydania tablic
    • UDC-P058
    • 9
    • UKD
    • 5610
    • a
    • Symbol klasyfikacji
    • 658.114-022.51
    • b
    • Dopowiedzenie
    • Małe przedsiębiorstwo prywatne. Mały biznes.
080 -Uniwersalna Klasyfikacja Dziesiętna [ , ]
    • 2
    • Identyfikator wydania tablic
    • UDC-P058
    • 9
    • UKD
    • 5611
    • a
    • Symbol klasyfikacji
    • 658.114-022.55
    • b
    • Dopowiedzenie
    • Średnie przedsiębiorstwo prywatne.
650 -Hasło przedmiotowe [ ,7]
    • a
    • Hasło przedmiotowe
    • Zarządzanie przedsiębiorstwem
    • x
    • Określnik rzeczowy
    • podejmowanie decyzji.
    • 2
    • Źródło terminu
    • kaba
    • 9
    • KHW
    • 356034
650 -Hasło przedmiotowe [ ,7]
    • a
    • Hasło przedmiotowe
    • Podejmowanie decyzji
    • v
    • Określnik formalny
    • studium przypadku.
    • 2
    • Źródło terminu
    • kaba
    • 9
    • KHW
    • 444786
650 -Hasło przedmiotowe [ ,7]
    • a
    • Hasło przedmiotowe
    • Przedsiębiorstwa
    • x
    • Określnik rzeczowy
    • podejmowanie decyzji.
    • 2
    • Źródło terminu
    • kaba
    • 9
    • KHW
    • 360980
980 -Symbol UKD [ , ]
    • a
    • UKD
    • 658.1/.5:005.2:658.114-022.51/.55
710 -Hasło dodatkowe - nazwa ciała zbiorowego [2, ]
    • a
    • Nazwa ciała zbiorowego lub nazwa geograficzna jako pierwszy element (NP)
    • Szkoła Główna Handlowa (Warszawa).
    • b
    • Nazwa jednostki podrzędnej (P)
    • Oficyna Wydawnicza.
    • 4
    • Kod relacji
    • pbl
    • 9
    • KHW
    • 50749
856 -Dostęp do wersji elektronicznej [4,8]
    • 3
    • Wyszczególnienie materiału
    • Okładka
920 -ISBN [ , ]
    • a
    • ISBN
    • 978-83-7378-560-1 Find
Numer inwentarzowy Status udost. Lokalizacja Data inwentaryzacji
E.73197-2BE2011-04-12